[Event "National Elementary Championship"]
[Site "Columbus, Ohio, United States"]
[Date "2022.05.14"]
[Round "3.16"]
[White "Mansurov, Yusuf"]
[Black "Yoon, Jeremy"]
[Result "1-0"]
[TimeControl "G/90;d5"]
[WhiteElo "1919"]
[BlackElo "1553"]

1. e4 {[%clk 01:30:00]} {[%emt 00:00:02]} e5 {[%clk 01:30:00]} {[%emt
00:00:04]} 2. Nf3 {[%clk 01:30:00]} {[%emt 00:00:05]} Nc6 {[%clk 01:29:59]}
{[%emt 00:00:06]} 3. d4 {[%clk 01:30:00]} {[%emt 00:00:03]} exd4 {[%clk
01:29:56]} {[%emt 00:00:09]} 4. Nxd4 {[%clk 01:30:00]} {[%emt 00:00:02]} Nf6
{[%clk 01:29:50]} {[%emt 00:00:10]} 5. Nc3 {[%clk 01:29:58]} {[%emt 00:00:08]}
Bb4 {[%clk 01:29:37]} {[%emt 00:00:17]} 6. Nxc6 {[%clk 01:29:58]} {[%emt
00:00:03]} bxc6 {[%clk 01:29:29]} {[%emt 00:00:13]} 7. Bd3 {[%clk 01:29:58]}
{[%emt 00:00:01]} d5 {[%clk 01:29:21]} {[%emt 00:00:13]} 8. exd5 {[%clk
01:29:58]} {[%emt 00:00:04]} O-O {[%clk 01:29:12]} {[%emt 00:00:14]} 9. O-O
{[%clk 01:29:41]} {[%emt 00:00:21]} cxd5 {[%clk 01:28:38]} {[%emt 00:00:39]} 10.
Bg5 {[%clk 01:29:38]} {[%emt 00:00:07]} Be6 {[%clk 01:23:32]} {[%emt 00:05:12]}
11. Bxf6 {[%clk 01:26:27]} {[%emt 00:03:16]} Qxf6 {[%clk 01:23:11]} {[%emt
00:00:26]} 12. Nxd5 {[%clk 01:26:20]} {[%emt 00:00:12]} Bxd5 {[%clk 01:16:44]}
{[%emt 00:06:32]} 13. Qh5 {[%clk 01:26:15]} {[%emt 00:00:10]} h6 {[%clk
01:13:12]} {[%emt 00:03:37]} 14. Qxd5 {[%clk 01:26:10]} {[%emt 00:00:10]} Rfe8
{[%clk 01:01:42]} {[%emt 00:11:36]} 15. c3 {[%clk 01:22:48]} {[%emt 00:03:27]}
Bd6 {[%clk 01:00:47]} {[%emt 00:00:59]} 16. Rfe1 {[%clk 01:22:13]} {[%emt
00:00:39]} Rad8 {[%clk 00:52:59]} {[%emt 00:07:53]} 17. Qc4 {[%clk 01:17:46]}
{[%emt 00:04:32]} Re5 {[%emt 00:12:44]} 18. Rad1 {[%clk 01:13:40]} {[%emt
00:04:10]} Rde8 {[%clk 00:38:46]} {[%emt 00:01:42]} 19. Rxe5 {[%clk 01:12:31]}
{[%emt 00:01:13]} Qxe5 {[%clk 00:38:21]} {[%emt 00:00:30]} 20. g3 {[%clk
01:12:13]} {[%emt 00:00:24]} Re6 {[%clk 00:33:37]} {[%emt 00:04:48]} 21. Qg4
{[%clk 00:58:29]} {[%emt 00:13:48]} g6 {[%clk 00:21:36]} {[%emt 00:12:07]} 22.
Qh3 {[%clk 00:54:10]} {[%emt 00:04:24]} Kg7 {[%clk 00:19:55]} {[%emt 00:01:46]}
23. Qg2 {[%clk 00:52:52]} {[%emt 00:01:22]} Qh5 {[%clk 00:16:13]} {[%emt
00:03:47]} 24. Rf1 {[%clk 00:51:36]} {[%emt 00:01:21]} Qg5 {[%clk 00:13:21]}
{[%emt 00:02:57]} 25. f4 {[%clk 00:51:09]} {[%emt 00:00:33]} Qc5+ {[%clk
00:10:52]} {[%emt 00:02:34]} 26. Kh1 {[%clk 00:50:57]} {[%emt 00:00:18]} Re3
{[%clk 00:10:19]} {[%emt 00:00:37]} 27. Bb1 {[%clk 00:49:40]} {[%emt 00:01:22]}
Qc4 {[%clk 00:09:38]} {[%emt 00:00:46]} 28. f5 {[%clk 00:48:59]} {[%emt
00:00:46]} gxf5 {[%clk 00:07:56]} {[%emt 00:01:47]} 29. Bxf5 {[%clk 00:48:12]}
{[%emt 00:00:51]} Re2 {[%clk 00:06:21]} {[%emt 00:01:40]} 30. Qf3 {[%clk
00:47:45]} {[%emt 00:00:32]} Rxb2 {[%clk 00:05:21]} {[%emt 00:01:06]} 31. Be4
{[%clk 00:47:32]} {[%emt 00:00:18]} Qe6 {[%clk 00:04:58]} {[%emt 00:00:27]} 32.
Bd5 {[%clk 00:47:17]} {[%emt 00:00:21]} Qe7 {[%clk 00:03:56]} {[%emt 00:01:06]}
33. Qg4+ {[%clk 00:47:01]} {[%emt 00:00:22]} Kh8 {[%clk 00:03:32]} {[%emt
00:00:30]} 34. Qh5 {[%clk 00:46:23]} {[%emt 00:00:42]} Qe3 {[%emt 00:00:39]} 35.
Qh3 {[%clk 00:45:18]} {[%emt 00:01:08]} Rb8 {[%clk 00:02:07]} {[%emt 00:00:58]}
36. Qf5 {[%clk 00:44:19]} {[%emt 00:01:04]} Qg5 {[%clk 00:01:36]} {[%emt
00:00:36]} 37. Qd3 {[%clk 00:43:51]} {[%emt 00:00:34]} Rf8 {[%clk 00:01:03]}
{[%emt 00:00:38]} 38. Rf5 {[%clk 00:42:43]} {[%emt 00:01:12]} Qc1+ {[%clk
00:00:55]} {[%emt 00:00:13]} 39. Kg2 {[%clk 00:42:43]} {[%emt 00:00:03]} Qb2+
{[%emt 00:00:38]} 40. Kh3 {[%clk 00:42:30]} {[%emt 00:00:13]} f6 {[%clk
00:00:23]} {[%emt 00:00:09]} 41. Qe3 {[%clk 00:42:06]} {[%emt 00:00:29]} Kh7
{[%clk 00:00:20]} {[%emt 00:00:09]} 42. Rh5 {[%clk 00:42:03]} {[%emt 00:00:07]}
Rh8 {[%clk 00:00:03]} {[%emt 00:00:22]} 43. Qxh6# {[%clk 00:42:03]} {[%emt
00:00:03]} 1-0

[Event "National Elementary Championship"]
[Site "Columbus, Ohio, United States"]
[Date "2022.05.14"]
[Round "3.17"]
[White "Cao, Max"]
[Black "Goodrich, Elliot"]
[Result "0-1"]
[TimeControl "G/90;d5"]
[WhiteElo "1539"]
[BlackElo "1868"]

1. e4 {[%clk 01:30:00]} {[%emt 00:11:38]} e5 {[%clk 01:30:00]} {[%emt
00:00:04]} 2. Nf3 {[%clk 01:30:00]} {[%emt 00:00:03]} Nc6 {[%clk 01:30:00]}
{[%emt 00:00:04]} 3. Bc4 {[%clk 01:30:00]} {[%emt 00:00:05]} Nf6 {[%clk
01:30:00]} {[%emt 00:00:03]} 4. c3 {[%clk 01:29:40]} {[%emt 00:00:25]} Nxe4
{[%clk 01:29:39]} {[%emt 00:00:27]} 5. Qe2 {[%clk 01:29:25]} {[%emt 00:00:20]}
d5 {[%clk 01:28:26]} {[%emt 00:01:18]} 6. Bb5 {[%clk 01:28:46]} {[%emt
00:00:43]} Bd6 {[%clk 01:27:26]} {[%emt 00:01:05]} 7. d3 {[%clk 01:26:58]}
{[%emt 00:01:53]} Nf6 {[%clk 01:25:58]} {[%emt 00:01:33]} 8. Nxe5 {[%clk
01:26:36]} {[%emt 00:00:27]} Bxe5 {[%clk 01:25:32]} {[%emt 00:00:32]} 9. Qxe5+
{[%clk 01:25:34]} {[%emt 00:01:06]} Be6 {[%clk 01:25:24]} {[%emt 00:00:13]} 10.
Bg5 {[%clk 01:23:40]} {[%emt 00:01:58]} h6 {[%clk 01:24:37]} {[%emt 00:00:52]}
11. Bxf6 {[%clk 01:23:28]} {[%emt 00:00:17]} gxf6 {[%clk 01:24:12]} {[%emt
00:00:31]} 12. Qe2 {[%clk 01:22:30]} {[%emt 00:00:40]} Qd6 {[%clk 01:23:56]}
{[%emt 00:00:45]} 13. Nd2 {[%clk 01:21:25]} {[%emt 00:01:08]} O-O-O {[%clk
01:23:44]} {[%emt 00:00:18]} 14. O-O-O {[%clk 01:20:54]} {[%emt 00:00:37]} Rhe8
{[%clk 01:22:16]} {[%emt 00:01:32]} 15. Nb3 {[%clk 01:17:20]} {[%emt 00:03:39]}
d4 {[%clk 01:21:05]} {[%emt 00:01:16]} 16. Qc2 {[%clk 01:17:09]} {[%emt
00:00:16]} Bxb3 {[%clk 01:20:04]} {[%emt 00:01:06]} 17. axb3 {[%clk 01:14:59]}
{[%emt 00:02:14]} dxc3 {[%clk 01:18:12]} {[%emt 00:01:57]} 18. bxc3 {[%clk
01:14:46]} {[%emt 00:00:18]} a6 {[%clk 01:15:56]} {[%emt 00:02:22]} 19. Bc4
{[%clk 01:12:20]} {[%emt 00:02:30]} Ne5 {[%clk 01:15:14]} {[%emt 00:00:46]} 20.
b4 {[%clk 01:10:10]} {[%emt 00:02:15]} Nxc4 {[%clk 01:14:32]} {[%emt 00:00:47]}
21. dxc4 {[%clk 01:10:03]} {[%emt 00:00:12]} Qf4+ {[%clk 01:14:27]} {[%emt
00:00:10]} 22. Kb2 {[%clk 01:09:54]} {[%emt 00:00:14]} Qxc4 {[%clk 01:14:01]}
{[%emt 00:00:32]} 23. Rxd8+ {[%clk 01:09:04]} {[%emt 00:00:55]} Rxd8 {[%clk
01:13:14]} {[%emt 00:00:52]} 24. Re1 {[%clk 01:06:48]} {[%emt 00:02:18]} Qf4
{[%clk 01:12:25]} {[%emt 00:00:55]} 25. Re2 {[%clk 01:04:38]} {[%emt 00:02:15]}
Kb8 {[%clk 01:11:25]} {[%emt 00:01:06]} 26. g3 {[%clk 01:03:23]} {[%emt
00:01:20]} Qd6 {[%clk 01:11:09]} {[%emt 00:00:21]} 27. Kc1 {[%clk 01:01:59]}
{[%emt 00:01:30]} Qd3 {[%clk 01:10:22]} {[%emt 00:00:53]} 28. Qxd3 {[%clk
01:01:35]} {[%emt 00:00:29]} Rxd3 {[%clk 01:10:22]} {[%emt 00:00:03]} 29. Kc2
{[%clk 01:01:29]} {[%emt 00:00:12]} Rf3 {[%clk 01:10:17]} {[%emt 00:00:09]} 30.
Kb3 {[%clk 01:00:54]} {[%emt 00:00:39]} b5 {[%clk 01:09:57]} {[%emt 00:00:26]}
31. Re8+ {[%clk 00:59:27]} {[%emt 00:01:32]} Kb7 {[%clk 01:09:47]} {[%emt
00:00:15]} 32. Rh8 {[%clk 00:58:43]} {[%emt 00:00:49]} Rxf2 {[%clk 01:09:45]}
{[%emt 00:00:08]} 33. Rxh6 {[%clk 00:58:43]} {[%emt 00:00:05]} Kc6 {[%clk
01:09:16]} {[%emt 00:00:34]} 34. h4 {[%clk 00:58:29]} {[%emt 00:00:18]} Kd5
{[%clk 01:08:52]} {[%emt 00:00:30]} 35. Rh7 {[%clk 00:57:51]} {[%emt 00:00:42]}
Ke6 {[%clk 01:08:47]} {[%emt 00:00:10]} 36. g4 {[%clk 00:57:18]} {[%emt
00:00:37]} Rf4 {[%clk 01:07:57]} {[%emt 00:00:55]} 37. g5 {[%clk 00:55:23]}
{[%emt 00:02:01]} fxg5 {[%clk 01:07:22]} {[%emt 00:00:40]} 38. hxg5 {[%clk
00:55:16]} {[%emt 00:00:11]} Rg4 {[%clk 01:06:33]} {[%emt 00:00:55]} 39. Rg7
{[%clk 00:51:05]} {[%emt 00:04:15]} Ke7 {[%clk 01:05:05]} {[%emt 00:01:34]} 40.
Kc2 {[%clk 00:49:52]} {[%emt 00:01:18]} Kf8 {[%clk 01:04:53]} {[%emt 00:00:18]}
41. Rh7 {[%clk 00:49:49]} {[%emt 00:00:06]} Rxg5 {[%clk 01:04:49]} {[%emt
00:00:10]} 42. Rh8+ {[%emt 00:00:51]} Ke7 {[%clk 01:04:48]} {[%emt 00:00:05]}
43. Rc8 {[%clk 00:48:49]} {[%emt 00:00:18]} Kd7 {[%clk 01:04:44]} {[%emt
00:00:11]} 44. Ra8 {[%clk 00:48:45]} {[%emt 00:00:08]} Rg6 {[%clk 01:04:37]}
{[%emt 00:00:12]} 45. Rf8 {[%clk 00:48:42]} {[%emt 00:00:08]} Rf6 {[%clk
01:04:32]} {[%emt 00:00:11]} 46. Kd3 {[%clk 00:48:35]} {[%emt 00:00:11]} Kc6
{[%clk 01:04:00]} {[%emt 00:00:36]} 47. Kd4 {[%clk 00:47:24]} {[%emt 00:01:16]}
Rf1 {[%clk 01:03:54]} {[%emt 00:00:12]} 48. Ke5 {[%clk 00:46:21]} {[%emt
00:01:07]} f5 {[%clk 01:03:41]} {[%emt 00:00:19]} 49. Rf6+ {[%clk 00:46:13]}
{[%emt 00:00:13]} Kb7 {[%clk 01:03:39]} {[%emt 00:00:07]} 50. Rxf5 {[%clk
00:45:47]} {[%emt 00:00:30]} Rxf5+ {[%clk 01:02:56]} {[%emt 00:00:48]} 51. Kxf5
{[%clk 00:45:46]} {[%emt 00:00:06]} Kb6 {[%clk 01:02:56]} {[%emt 00:00:03]} 52.
Ke4 {[%clk 00:45:30]} {[%emt 00:00:21]} a5 {[%clk 01:02:52]} {[%emt 00:00:09]}
53. bxa5+ {[%clk 00:45:16]} {[%emt 00:00:18]} Kxa5 {[%clk 01:02:52]} {[%emt
00:00:04]} 54. Kd5 {[%clk 00:45:03]} {[%emt 00:00:17]} Kb6 {[%clk 01:02:36]}
{[%emt 00:00:22]} 55. Kd4 {[%clk 00:44:39]} {[%emt 00:00:29]} c6 {[%clk
01:02:08]} {[%emt 00:00:33]} 56. Ke3 {[%clk 00:44:20]} {[%emt 00:00:24]} Kc5
{[%clk 01:01:45]} {[%emt 00:00:28]} 57. Kd3 {[%clk 00:44:11]} {[%emt 00:00:13]}
Kd5 {[%emt 00:00:30]} 58. Kc2 {[%clk 00:43:18]} {[%emt 00:00:33]} Kc4 {[%clk
01:01:45]} {[%emt 00:00:06]} 59. Kb2 {[%clk 00:43:17]} {[%emt 00:00:06]} Kd3
{[%clk 01:01:44]} {[%emt 00:00:05]} 60. Kb3 {[%clk 00:42:59]} {[%emt 00:00:23]}
c5 {[%clk 01:01:44]} {[%emt 00:00:04]} 61. Kb2 {[%clk 00:42:49]} {[%emt
00:00:15]} c4 {[%clk 01:00:58]} {[%emt 00:00:52]} 62. Kb1 {[%clk 00:42:28]}
{[%emt 00:00:26]} Kxc3 {[%clk 01:00:58]} {[%emt 00:00:01]} 63. Kc1 {[%clk
00:41:29]} {[%emt 00:01:04]} b4 {[%clk 01:00:54]} {[%emt 00:00:09]} 64. Kb1
{[%clk 00:41:28]} {[%emt 00:00:06]} b3 {[%clk 01:00:54]} {[%emt 00:00:04]} 65.
Kc1 {[%clk 00:40:58]} {[%emt 00:00:35]} b2+ {[%clk 01:00:53]} {[%emt 00:00:07]}
66. Kb1 {[%clk 00:40:57]} {[%emt 00:00:04]} Kd2 {[%clk 01:00:53]} 0-1

[Event "National Elementary Championship"]
[Site "Columbus, Ohio, United States"]
[Date "2022.05.14"]
[Round "3.18"]
[White "Yue, Tariq"]
[Black "Yang, Lucas"]
[Result "0-1"]
[TimeControl "G/90;d5"]
[WhiteElo "1826"]
[BlackElo "1458"]

1. Nf3 {[%clk 01:30:00]} {[%emt 00:00:03]} d5 {[%clk 01:30:00]} {[%emt
00:00:06]} 2. c4 {[%clk 01:30:00]} d4 {[%clk 01:29:59]} {[%emt 00:00:06]} 3. b4
{[%clk 01:30:00]} {[%emt 00:00:06]} f6 {[%clk 01:29:54]} {[%emt 00:00:14]} 4.
e3 {[%clk 01:28:49]} {[%emt 00:01:09]} e5 {[%clk 01:29:53]} {[%emt 00:00:14]} 5.
exd4 {[%clk 01:28:28]} {[%emt 00:00:19]} e4 {[%clk 01:29:46]} {[%emt 00:00:17]}
6. Qe2 {[%clk 01:27:24]} {[%emt 00:01:23]} Qe7 {[%clk 01:29:42]} {[%emt
00:00:07]} 7. Ng1 {[%clk 01:27:14]} Nc6 {[%clk 01:29:35]} {[%emt 00:00:19]} 8.
Ba3 {[%clk 01:24:13]} {[%emt 00:02:55]} Nxd4 {[%clk 01:28:14]} {[%emt
00:01:26]} 9. Qd1 {[%clk 01:23:08]} {[%emt 00:01:14]} Qe5 {[%clk 01:25:36]}
{[%emt 00:02:39]} 10. Nc3 {[%clk 01:22:03]} {[%emt 00:01:10]} Bf5 {[%clk
01:24:19]} {[%emt 00:01:23]} 11. Nd5 {[%clk 01:14:44]} {[%emt 00:07:23]} e3
{[%clk 01:15:35]} {[%emt 00:08:53]} 12. Rc1 {[%clk 01:09:21]} {[%emt 00:05:24]}
exd2+ {[%clk 01:11:01]} {[%emt 00:04:39]} 13. Kxd2 {[%clk 01:09:17]} {[%emt
00:00:21]} O-O-O {[%clk 01:10:42]} {[%emt 00:00:15]} 14. Rc3 {[%clk 01:01:26]}
{[%emt 00:07:50]} c6 {[%clk 01:08:30]} {[%emt 00:03:01]} 15. Re3 {[%clk
01:00:24]} {[%emt 00:00:51]} Qb8 {[%clk 01:04:10]} {[%emt 00:03:58]} 16. Rc3
{[%clk 00:54:39]} {[%emt 00:05:51]} Nb5 {[%clk 00:59:39]} {[%emt 00:04:55]} 17.
Bd3 {[%clk 00:52:19]} {[%emt 00:02:09]} Bxd3 {[%clk 00:58:36]} {[%emt
00:01:05]} 18. Rxd3 {[%clk 00:52:11]} {[%emt 00:00:18]} Qe5 {[%clk 00:56:28]}
{[%emt 00:02:08]} 19. Nf3 {[%clk 00:51:26]} {[%emt 00:00:51]} Qf5 {[%clk
00:55:34]} {[%emt 00:00:57]} 20. cxb5 {[%clk 00:50:42]} {[%emt 00:00:54]} Rxd5
{[%clk 00:55:16]} {[%emt 00:00:43]} 21. Kc3 {[%clk 00:50:00]} {[%emt 00:00:23]}
Rxd3+ {[%clk 00:53:56]} {[%emt 00:01:32]} 22. Qxd3 {[%clk 00:49:56]} {[%emt
00:00:08]} Qxd3+ {[%clk 00:53:54]} {[%emt 00:00:08]} 23. Kxd3 {[%clk 00:49:56]}
Bd6 {[%clk 00:52:44]} {[%emt 00:01:12]} 24. bxc6 {[%clk 00:49:39]} {[%emt
00:00:27]} bxc6 {[%clk 00:52:41]} {[%emt 00:00:06]} 25. Rc1 {[%clk 00:47:45]}
{[%emt 00:02:24]} Ne7 {[%clk 00:52:40]} {[%emt 00:00:03]} 26. Nd4 {[%clk
00:47:11]} {[%emt 00:00:13]} Kb7 {[%clk 00:51:33]} {[%emt 00:01:37]} 27. g3
{[%clk 00:45:12]} {[%emt 00:01:51]} Rd8 {[%clk 00:50:46]} {[%emt 00:01:07]} 28.
Ne6 {[%clk 00:43:44]} {[%emt 00:01:05]} Rd7 {[%clk 00:49:46]} {[%emt 00:01:05]}
29. Kc2 {[%clk 00:41:35]} {[%emt 00:02:15]} Nd5 {[%emt 00:01:10]} 30. Kb3
{[%clk 00:40:40]} {[%emt 00:00:54]} Nc7 {[%clk 00:47:48]} {[%emt 00:01:07]} 31.
Re1 {[%clk 00:37:07]} {[%emt 00:03:33]} Nxe6 {[%clk 00:47:22]} {[%emt
00:00:50]} 32. Rxe6 {[%clk 00:37:04]} Kc7 {[%clk 00:46:39]} {[%emt 00:01:08]}
33. Bb2 {[%clk 00:36:22]} {[%emt 00:00:06]} Re7 {[%clk 00:46:35]} {[%emt
00:00:23]} 34. Rxe7+ {[%clk 00:35:48]} {[%emt 00:00:36]} Bxe7 {[%clk 00:46:34]}
{[%emt 00:00:38]} 35. Bd4 {[%clk 00:35:42]} {[%emt 00:00:05]} a6 {[%clk
00:46:16]} 36. Bc5 {[%clk 00:35:17]} {[%emt 00:00:28]} Bxc5 {[%clk 00:43:40]}
{[%emt 00:02:44]} 37. bxc5 {[%clk 00:35:15]} {[%emt 00:00:07]} Kd7 {[%clk
00:43:38]} {[%emt 00:00:17]} 38. Kc4 {[%clk 00:33:26]} {[%emt 00:01:40]} Ke6
{[%clk 00:43:29]} {[%emt 00:00:13]} 39. Kd4 {[%clk 00:33:08]} {[%emt 00:00:24]}
Kf5 {[%clk 00:43:20]} {[%emt 00:00:20]} 40. f3 {[%clk 00:31:43]} {[%emt
00:01:27]} g5 {[%clk 00:42:49]} {[%emt 00:00:41]} 41. h3 {[%clk 00:30:41]}
{[%emt 00:00:59]} h5 {[%clk 00:41:56]} {[%emt 00:00:59]} 42. Kc4 {[%clk
00:28:45]} {[%emt 00:02:00]} Ke5 {[%clk 00:40:45]} {[%emt 00:01:16]} 43. Kb4
{[%clk 00:27:18]} {[%emt 00:01:32]} Kd5 {[%clk 00:40:30]} {[%emt 00:00:21]} 44.
a4 {[%clk 00:26:51]} {[%emt 00:00:31]} f5 {[%clk 00:39:47]} {[%emt 00:00:50]}
45. h4 {[%clk 00:22:19]} {[%emt 00:04:39]} f4 {[%clk 00:39:32]} {[%emt
00:00:17]} 46. g4 {[%clk 00:20:53]} {[%emt 00:01:33]} hxg4 {[%clk 00:39:28]}
{[%emt 00:00:09]} 47. h5 {[%clk 00:20:04]} {[%emt 00:00:53]} Ke6 {[%clk
00:38:58]} {[%emt 00:00:35]} 48. h6 {[%clk 00:15:50]} {[%emt 00:04:59]} Kf7
{[%clk 00:38:58]} 0-1

[Event "National Elementary Championship"]
[Site "Columbus, Ohio, United States"]
[Date "2022.05.14"]
[Round "3.19"]
[White "Sawhney, Yuvraj"]
[Black "Wang, Ted"]
[Result "0-1"]
[TimeControl "G/90;d5"]
[WhiteElo "1523"]
[BlackElo "1825"]

1. e4 {[%clk 01:29:57]} {[%emt 00:00:20]} c5 {[%clk 01:30:00]} 2. Nf3 {[%clk
01:29:56]} Nc6 {[%clk 01:30:00]} 3. Bb5 {[%clk 01:29:56]} {[%emt 00:00:03]} g6
{[%clk 01:30:00]} {[%emt 00:00:07]} 4. O-O {[%clk 01:29:07]} {[%emt 00:01:02]}
Bg7 {[%clk 01:29:40]} {[%emt 00:00:10]} 5. Re1 {[%clk 01:28:30]} {[%emt
00:00:44]} Nf6 {[%clk 01:29:35]} {[%emt 00:00:14]} 6. c3 {[%clk 01:28:20]}
{[%emt 00:00:11]} O-O {[%clk 01:29:31]} {[%emt 00:00:15]} 7. d4 {[%clk
01:28:03]} {[%emt 00:00:17]} cxd4 {[%clk 01:29:30]} {[%emt 00:00:07]} 8. cxd4
{[%clk 01:27:53]} {[%emt 00:00:12]} d5 {[%clk 01:29:27]} {[%emt 00:00:09]} 9.
Bxc6 {[%clk 01:26:36]} {[%emt 00:01:23]} bxc6 {[%clk 01:29:21]} {[%emt
00:00:14]} 10. Nc3 {[%clk 01:26:03]} {[%emt 00:00:33]} dxe4 {[%clk 01:26:59]}
{[%emt 00:02:27]} 11. Nxe4 {[%clk 01:26:01]} {[%emt 00:00:13]} Nxe4 {[%clk
01:25:40]} {[%emt 00:01:21]} 12. Rxe4 {[%clk 01:25:59]} {[%emt 00:00:15]} Qd5
{[%clk 01:25:02]} {[%emt 00:00:33]} 13. Rxe7 {[%clk 01:23:24]} {[%emt
00:02:37]} Be6 {[%clk 01:22:03]} {[%emt 00:03:24]} 14. Rb7 {[%clk 01:23:14]}
{[%emt 00:00:08]} Qd6 {[%clk 01:19:35]} {[%emt 00:02:21]} 15. Bd2 {[%clk
01:21:48]} {[%emt 00:01:32]} a5 {[%clk 01:18:02]} {[%emt 00:01:42]} 16. Bg5
{[%clk 01:20:03]} {[%emt 00:01:50]} Rfe8 {[%clk 01:16:51]} {[%emt 00:01:17]} 17.
Rc1 {[%clk 01:18:37]} {[%emt 00:01:32]} Bd5 {[%clk 01:16:11]} {[%emt 00:00:43]}
18. h3 {[%clk 01:16:13]} {[%emt 00:02:31]} Re6 {[%clk 01:09:30]} {[%emt
00:06:48]} 19. Bd2 {[%clk 01:11:53]} {[%emt 00:04:21]} Rae8 {[%clk 01:03:54]}
{[%emt 00:05:42]} 20. Bxa5 {[%clk 01:09:51]} {[%emt 00:02:39]} Re2 {[%clk
01:02:34]} {[%emt 00:00:50]} 21. Bc7 {[%clk 01:09:09]} {[%emt 00:00:50]} Qf8
{[%clk 01:02:02]} {[%emt 00:00:37]} 22. Be5 {[%clk 01:08:19]} {[%emt 00:00:56]}
Bxf3 {[%clk 01:01:26]} {[%emt 00:00:42]} 23. gxf3 {[%clk 01:07:48]} {[%emt
00:00:35]} Bxe5 {[%clk 01:01:16]} {[%emt 00:00:33]} 24. dxe5 {[%clk 01:06:46]}
{[%emt 00:01:00]} R2xe5 {[%clk 01:00:46]} {[%emt 00:00:25]} 25. Rxc6 {[%clk
01:06:20]} {[%emt 00:00:29]} Re1+ {[%clk 01:00:45]} {[%emt 00:00:16]} 26. Qxe1
{[%clk 01:06:04]} {[%emt 00:00:38]} Rxe1+ {[%clk 01:00:45]} {[%emt 00:00:06]}
27. Kg2 {[%clk 01:05:48]} Qh6 {[%clk 01:00:40]} {[%emt 00:00:05]} 28. Rc4
{[%clk 01:05:15]} {[%emt 00:00:36]} Qg5+ {[%clk 01:00:34]} {[%emt 00:00:24]} 29.
Rg4 {[%clk 01:04:58]} {[%emt 00:00:12]} Qc1 {[%clk 01:00:27]} {[%emt 00:00:14]}
30. Kh2 {[%clk 01:03:05]} {[%emt 00:01:56]} Rh1+ {[%clk 01:00:18]} {[%emt
00:00:34]} 31. Kg3 {[%clk 01:03:05]} Qg1+ {[%clk 01:00:15]} 32. Kf4 {[%clk
01:02:42]} {[%emt 00:00:21]} Qh2+ {[%clk 01:00:02]} {[%emt 00:00:13]} 33. Rg3
{[%clk 01:02:32]} {[%emt 00:00:16]} Qxf2 {[%clk 01:00:01]} {[%emt 00:00:18]} 34.
Rb3 {[%clk 00:58:59]} {[%emt 00:03:27]} Qd4+ {[%clk 00:59:57]} {[%emt
00:00:15]} 35. Kg5 {[%clk 00:56:35]} {[%emt 00:02:26]} Qe5+ {[%clk 00:59:44]}
{[%emt 00:00:25]} 36. Kg4 {[%clk 00:56:14]} {[%emt 00:00:19]} Qf5+ {[%clk
00:59:42]} {[%emt 00:00:08]} 37. Kh4 {[%clk 00:56:12]} {[%emt 00:00:06]} Qh5#
{[%clk 00:59:42]} {[%emt 00:00:04]} 0-1